Top 20 państw z nawyzszymi ludźmi - Statystyki

Ogólne statystyki
  • Ten quiz został rozwiązany 244 razy
  • Średni wynik to 14 z 20
Statystyki odpowiedzi
Mężczyźni Kobiety Kraj % Poprawnych
179.7 (5′11) 165.9 (5′5) Niemcy
91%
179.6 (5′11) 165.7 (5′5) Szwecja
85%
179.5 (5′11) 165.6 (5′5) Norwegia
84%
182.5 (6′0) 168.7 (5′6) Holandia
82%
179.7 (5′11) 165.9 (5′5) Finlandia
79%
181.7 (6′0) 165.5 (5′5) Belgia
75%
181.4 (5′11) 168.5 (5′6) Czechy
75%
181.4 (5′11) 167.2 (5′6) Dania
75%
181.6 (5′11) 168.7 (5′6) Estonia
73%
179.7 (5′11) 166.6 (5′6) Litwa
73%
181.7 (5′11) 169.8 (5′7) Łotwa
71%
179.0 (5′10) 166.3 (5′6) Ukraina
71%
180.6 (5′11) 167.5 (5′6) Słowacja
69%
180.1 (5′11) 165.9 (5′5) Islandia
67%
178.9 (5′10) 166.3 (5′6) Białoruś
63%
179.9 (5′11) 165.6 (5′5) Chorwacja
63%
179.8 (5′11) 166.1 (5′5) Słowenia
63%
180.9 (5′11) 167.7 (5′6) Serbia
60%
179.2 (5′11) 165.9 (5′5) Australia
52%
180.5 (5′11) 165.8 (5′5) Bośnia i Hercegowina
51%
Nie znaleziono quizów pasujących do podanych kryteriów
Rozkład punktacji
Procent ludzi z każdym wynikiem
Percentyl według liczby udzielonych odpowiedzi
Twoja historia wyników
Nie rozwiązałeś tego quizu